000 01115nam a2200217 a 4500
001 000030970
005 20250307073710.0
008 110608s1939 ag 000 f spa d
040 _aDO-SdBNP
_bspa
_cBNPHU
082 _axxx
_bP737v
100 1 _aPlutarco
_952326
245 1 0 _aVidas paralelas. /
_cpublicado bajo la dirección de Pedro Henríquez Ureña.
260 _aBuenos Aires, Argentina :
_bLosada,
_c1939.
300 _a3 v. ;
_c18 cm.
490 1 _aLas cien obras maestras de la literatura y del pensamiento universal
_v17, 19, 22
500 _aIncluye notas al pie de las páginas.
505 0 _gV.1.
_tTeseo. - Romulo. -Numa. - Solón. -Licurgo. - Publícola. - Temístocles. - Camilo. --
_gV.2.
_tPericles. - Fabio Máximo. - Alcibíades. - Coriolano. -Timoleón. - Paulo Emilio Pelópidas. - Marcelo. --
_gV.3.
_tArístides. - Marco Caton. - Filopemen. - Tito Quincio Flaminino. - Pirro. - Gayo Mario. - Lisandro. - Sila.
700 1 2 _aHenríquez Ureña, Pedro,
_d1884-1946
_91718
830 4 _aLas cien obras maestras de la literatura y del pensamiento universal;
_v17, 19, 22
_97967
049 _aBNPD
999 _c30462
_d30462